Statistics / (Record no. 180005)
[ view plain ]
| 000 -LEADER | |
|---|---|
| fixed length control field | 00935 a2200229 4500 |
| 003 - CONTROL NUMBER IDENTIFIER | |
| control field | NUST |
| 005 - DATE AND TIME OF LATEST TRANSACTION | |
| control field | 20221123135522.0 |
| 010 ## - LIBRARY OF CONGRESS CONTROL NUMBER | |
| LC control number | 97021345 |
| 020 ## - INTERNATIONAL STANDARD BOOK NUMBER | |
| International Standard Book Number | 0393970833 |
| 040 ## - CATALOGING SOURCE | |
| Transcribing agency | Nust |
| 082 00 - DEWEY DECIMAL CLASSIFICATION NUMBER | |
| Classification number | 519.5,FRE |
| 100 1# - MAIN ENTRY--PERSONAL NAME | |
| Personal name | Freedman, David, |
| 9 (RLIN) | 103434 |
| 245 10 - TITLE STATEMENT | |
| Title | Statistics / |
| Statement of responsibility, etc. | David Freedman, Robert Pisani, and Roger Purves |
| 250 ## - EDITION STATEMENT | |
| Edition statement | 3rd ed. |
| Remainder of edition statement | David Freedman, Robert Pisani, Roger Purves. |
| 260 ## - PUBLICATION, DISTRIBUTION, ETC. | |
| Place of publication, distribution, etc. | New York : |
| Name of publisher, distributor, etc. | W.W. Norton, |
| Date of publication, distribution, etc. | c1998. |
| 300 ## - PHYSICAL DESCRIPTION | |
| Extent | xviii, 578, 123 p. : |
| Other physical details | ill. ; |
| Dimensions | 27 cm. |
| 505 ## - FORMATTED CONTENTS NOTE | |
| Formatted contents note | Part-1: Design of Experiments (Page-3), Part-2: Descriptive Statistics (Page-31), Part-3: Correlation and Regression (Page-119), Part-4: Probability (Page-221), Part-5: Chance Variability (Page-273), Part-6: Sampling (Page-333), Part-7:Tests of Significance (Page-475). |
| 650 #0 - SUBJECT ADDED ENTRY--TOPICAL TERM | |
| Topical term or geographic name entry element | Mathematical statistics. |
| 9 (RLIN) | 61 |
| 700 1# - ADDED ENTRY--PERSONAL NAME | |
| Personal name | Pisani, Robert. |
| 9 (RLIN) | 62 |
| 700 1# - ADDED ENTRY--PERSONAL NAME | |
| Personal name | Purves, Roger. |
| 9 (RLIN) | 63 |
| 942 ## - ADDED ENTRY ELEMENTS (KOHA) | |
| Source of classification or shelving scheme | |
| Koha item type | Book |
| Call number prefix | 519.5,FRE |
| Withdrawn status | Lost status | Source of classification or shelving scheme | Damaged status | Not for loan | Permanent Location | Current Location | Shelving location | Date acquired | Full call number | Barcode | Date last seen | Price effective from | Koha item type | Public note | Total Checkouts |
|---|---|---|---|---|---|---|---|---|---|---|---|---|---|---|---|
| Military College of Signals (MCS) | Military College of Signals (MCS) | General Stacks | 12/12/2016 | 519.5,FRE | MCS33521 | 12/08/2016 | 12/12/2016 | Book | Almirah No.14, Shelf No.5 | ||||||
| Military College of Signals (MCS) | Military College of Signals (MCS) | General Stacks | 11/23/2022 | 519.5,FRE | MCS33520 | 11/23/2022 | 11/23/2022 | Book | Almirah No.14, Shelf No.5 |
